Kluby w Ekstraklasie w sezonie 2023/24 - Statystyki

Ogólne statystyki
  • Ten quiz został rozwiązany 619 razy
  • Średni wynik to 14 z 18
Statystyki odpowiedzi
Klub % Poprawnych
Lech Poznań
98%
Legia Warszawa
98%
Jagiellonia Białystok
90%
Pogoń Szczecin
88%
Śląsk Wrocław
88%
Raków Częstochowa
86%
Ruch Chorzów
79%
Cracovia
78%
Górnik Zabrze
78%
ŁKS Łódź
77%
Puszcza Niepołomice
77%
Warta Poznań
76%
Widzew Łódź
76%
Zagłębie Lubin
75%
Korona Kielce
74%
Piast Gliwice
71%
Stal Mielec
67%
Radomiak Radom
64%
Nie znaleziono quizów pasujących do podanych kryteriów
Rozkład punktacji
Procent ludzi z każdym wynikiem
Percentyl według liczby udzielonych odpowiedzi
Twoja historia wyników
Nie rozwiązałeś tego quizu